000 00622nam a2200217 a 4500
005 20240925064456.0
008 121024s2008 mx r 000 0 spa d
020 _a9789707840898
035 _aUPN01000188005
049 _aI
050 4 _aPZ78
_bA3.3
100 1 _aAguilar, Marcela
_932926
245 1 0 _aFelicidades /
_cMarcela Aguilar ; il. Marco Baldi.
260 _aMéxico :
_bSigno,
_c2008.
300 _a29 p. :
_bprincipalmente il. col.
440 0 _aClub de lectores
650 4 _aLibros y lectura para niños
_92290
650 4 _aPadres e hijos
_91360
700 1 _aBaldi, Marco,
_eil.
905 _aInfantil
999 _c160108
_d160108